Modernidad, nihilismo y utopa̕

Detalles Bibliográficos
Autor principal: Jaramillo Vľez, Rubň
Formato: eBook
Lenguaje:español
Publicado: Bogot:̀ Siglo del Hombre Editores, 2013
Materias:
Acceso en línea:Acceso restringido

MARC

LEADER 00000nam a22000007a 4500
005 2021043003443.0
007 cr|||| ||||
008 210430s2013 co |||||s|||| 00||0 spa d
020 |a 978-958-665-246-9 
035 |a 33203 
040 |a vLex 
090 |c 11571  |d 11571 
100 1 |a Jaramillo Vľez, Rubň 
245 1 0 |a Modernidad, nihilismo y utopa̕  |h [Recurso electrn̤ico] /  |c Rubň Jaramillo Vľez 
256 |a Servicio en ln̕ea 
260 |a Bogot:̀  |b Siglo del Hombre Editores,  |c 2013 
300 |a 1 recurso electrn̤ico 
506 1 |a Disponible solo en los productos indicados  |d vLex Global  |d vLex Global (Academic Edition, excluding Law Schools)  |d vLex Global (U.S. Academic Edition, Law Schools)  |d vLex Global (U.S. Academic Edition, excluding Law Schools)  |d vLex Global (Academic Edition, Law Schools) 
650 0 4 |a Derecho Militar  |z Colombia 
650 0 4 |a Filosofa̕ y religin̤  |z Colombia 
740 0 |a vLex Libros (Servicio en ln̕ea) 
856 4 0 |u https://vlex.com/source/modernidad-nihilismo-y-utopia-33203  |z Acceso restringido 
942 |c BOOK 
999 0 |a Military Law 
999 0 |a Philosophy and religion